00813nam a2200229 a 450000100100000000500170001000800410002704000250006808200170009310000310011024500560014126000680019730000210026549000250028650000450031165000250035665000290038183000320041004900090044295201150045199900170056600002208920200930011558.0100916s1970 ve r 000 | spa d aDO-SdBNPbspacBNPHU a833.6bG599c1 aWolfgang, J. Goethe94577014aLas Cuitas del joven Werther /cJ. Goethe Wolfgang. aCaracas :bInstituto Nacional de Cultura y Bellas Artes,c1970. a152 p. ;c18 cm.1 aGrandes Autores;v10 aIncluye lista de obras de la colección 4aNovela alemana93302 4aLiteratura alemana93274 0aGrandes Autores;v10911295 aBNGR 001050718MOaGRbGRcCTd2010-09-16iLF1l0o833.6 G599cp22089-10r2020-06-25w2020-06-25y1ZNo se presta c21587d21587